000 00523nam a2200145Ia 4500
008 230917s9999||||xx |||||||||||||| ||und||
040 _e37134
_aMAIN
041 _aEnglish
082 _a954.03 H919H
100 _aHunter, William Wilson
245 0 _aHistory of British India. 2V. V1 : To the overthrow of the English in the spice archipelago. V2:To the union of the old and new compaines under the earl of Godolphin's award
260 _aDelhi
_bIndian Reprint Publishing
_c1972
300 _a473 , 419 p.
942 _cBK
999 _c190441
_d190441